| 000 -LEADER |
| fixed length control field |
00669nam a22001817a 4500 |
| 005 - DATE AND TIME OF LATEST TRANSACTION |
| control field |
20240328155033.0 |
| 008 - FIXED-LENGTH DATA ELEMENTS--GENERAL INFORMATION |
| fixed length control field |
240328s2015 enk||||| |||| 00| 0 eng d |
| 020 ## - INTERNATIONAL STANDARD BOOK NUMBER |
| International Standard Book Number |
9780691624044 |
| 041 ## - LANGUAGE CODE |
| Language code of text/sound track or separate title |
eng |
| 080 ## - UNIVERSAL DECIMAL CLASSIFICATION NUMBER |
| Universal Decimal Classification number |
355.40(73) + 327 K-34 |
| 100 ## - MAIN ENTRY--PERSONAL NAME |
| Personal name |
Kent, Sherman |
| 9 (RLIN) |
21620 |
| 245 ## - TITLE STATEMENT |
| Title |
Strategic Intelligence for American World Policy / |
| Statement of responsibility, etc. |
Sherman Kent. |
| 264 ## - PRODUCTION, PUBLICATION, DISTRIBUTION, MANUFACTURE, AND COPYRIGHT NOTICE |
| Place of production, publication, distribution, manufacture |
Princeton : |
| Name of producer, publisher, distributor, manufacturer |
Princeton University Press; |
| Date of production, publication, distribution, manufacture, or copyright notice |
2015. |
| 300 ## - PHYSICAL DESCRIPTION |
| Extent |
226 p.; |
| Other physical details |
21 cm. |
| 653 ## - INDEX TERM--UNCONTROLLED |
| keyword |
სტრატეგიული დაზვერვა ამერიკის მსოფლიო პოლიტიკისთვის |
| 653 ## - INDEX TERM--UNCONTROLLED |
| keyword |
პოლიტიკა |
| 942 ## - ADDED ENTRY ELEMENTS (KOHA) |
| Source of classification or shelving scheme |
|
| Koha item type |
წიგნი |